banner-ar

كيف تقرا كتابا / (Record no. 45064)

MARC details
000 -الفاتح
حقل البيانات ثابتة الطول 00594nam a2200217Ia 4500
008 - عناصر البيانات ثابتة الطول - معلومات عامة
حقل البيانات ثابتة الطول 140319s9999 xx 000 0 ara d
040 ## - مصدر الفهرسة
وكالة الفهرسة الأصلية GCL /
وكالة النسخ GCL
082 04 - رقم تصنيف ديوى العشرى
رقم التصنيف 372.41
رقم المادة ا ك
100 1# - المدخل الرئيسى - إسم شخصى
الإسم الشخصى ادلر، موريتمر
245 10 - بيان العنوان
العنوان كيف تقرا كتابا /
بيان المسئوليه,etc ادلر، موريتمر
700 1# - المدخل الاضافى - اسم شخصى
الإسم الشخصى طلال الحمصى
700 1# - المدخل الاضافى - اسم شخصى
الإسم الشخصى تشارلز، فان دورن
300 ## - الوصف المادى
التعداد 373 ص
490 ## - بيان السلسلة
عنوان السلسلة
650 04 - المدخل الاضافى بالموضوع-مصطلح موضوعى
مصطلح موضوعي القراءة
650 04 - المدخل الاضافى بالموضوع-مصطلح موضوعى
مصطلح موضوعي تعليم
650 04 - المدخل الاضافى بالموضوع-مصطلح موضوعى
مصطلح موضوعي القراءة - تدريس
650 04 - المدخل الاضافى بالموضوع-مصطلح موضوعى
مصطلح موضوعي العلوم الطبيعية
942 ## - عناصر المدخل الإضافي( كوها)
مصدر التصنيف او مخطط الترفيف Dewey Decimal Classification
Koha [default] item type كتاب
Holdings
حالة التراجع حالة الفقد حالة تلف ليس للاعارة المكان المؤقت الموقع الحالى تاريخ الاكتساب اجمالي اﻻعارات رقم الطلب الباركود تاريخ اخر مشاهدة تاريخ تفعيل السعر نوع وعاء كوها
        مكتبة القاهرة الكبرى مكتبة القاهرة الكبرى 03/26/2014   372.41\ا ك 110009 03/26/2014 03/26/2014 كتاب
        مكتبة القاهرة الكبرى مكتبة القاهرة الكبرى 03/26/2014   372.41\ا ك 110010 03/26/2014 03/26/2014 كتاب
        مكتبة القاهرة الكبرى مكتبة القاهرة الكبرى 03/26/2014   372.41\ا ك 110011 03/26/2014 03/26/2014 كتاب

Powered By

EGPV